Szczegóły MARC21

Kraje rozwijające się zachodniej hemisfery - udział Ameryki Łacińskiej w przemianach gospodarki światowej /

003 -Nazwa inst., której nr kontr. jest w polu 001 [,]
    • @
    • Nazwa instytucji, której n kontrolny jest w polu 001
    • NUKAT
005 -DATA I CZAS OSTATNIEJ MODYFIKACJI [,]
    • @
    • pole kontrolne
    • 20241231094300.0
020 -Międzynarod. znormalizowany nr książki - ISBN [ , ]
    • a
    • Numer ISBN
    • 9788378755777 Find
020 -Międzynarod. znormalizowany nr książki - ISBN [ , ]
    • a
    • Numer ISBN
    • 9788378755784 Find
    • q
    • Dopowiedzenie
    • e-ISBN
040 -Instytucja sporządzająca opis [ , ]
    • a
    • Instytucja, która sporządziła opis (NP)
    • KAT 001/KC
    • b
    • Język katalogowania
    • pol
    • e
    • Zasady katalogowania
    • rda
    • c
    • Instytucja, która sporządziła rekord (NP)
    • KAT 001/KCs
    • d
    • Instytucja, która zmodyfikowała rekord (P)
    • KAT 001/KC
    • d
    • Instytucja, która zmodyfikowała rekord (P)
    • WR U/PAdap
    • d
    • Instytucja, która zmodyfikowała rekord (P)
    • POZN 004/KM
    • d
    • Instytucja, która zmodyfikowała rekord (P)
    • WA 14/MBs
942 -Rodzaj dokumentu [ , ]
    • c
    • Rodzaj dokumentu
    • Książka
245 -Strefa tytułu i oznaczenia odpowiedzialności [0,0]
    • a
    • Tytuł
    • Kraje rozwijające się zachodniej hemisfery - udział Ameryki Łacińskiej w przemianach gospodarki światowej / Find
    • c
    • Pozostałe elementy strefy tytułu i oznaczenia odpowiedzialności (NP)
    • redakcja naukowa Tadeusz Sporek, Małgorzata Dziembała, Joanna Kos-Łabędowicz.
260 -Strefa adresu wydawniczego [ , ]
    • a
    • Miejsce wydania (P)
    • Katowice :
    • b
    • Nazwa wydawcy (P)
    • Wydawnictwo Uniwersytetu Ekonomicznego w Katowicach,
    • c
    • Data wydania (P)
    • 2019.
300 -Strefa opisu fizycznego [ , ]
    • a
    • Określenie formy książki i/lub objętość (NP)
    • 214 stron :
    • b
    • Oznaczenie ilustracji (NP)
    • ilustracje ;
    • c
    • Format (NP)
    • 24 cm.
336 -Typ zawartości [ , ]
    • a
    • Termin opisujący typ zawartości
    • Tekst
    • b
    • Kod określający zawartość
    • txt
    • 2
    • Źródło (terminu i kodu)
    • rdacontent
337 -Typ mediów [ , ]
    • a
    • Tryb odtwarzania
    • Bez urządzenia pośredniczącego
    • b
    • Kod typu mediów
    • n
    • 2
    • Źródło (terminu i kodu)
    • rdamedia
338 -Typ/rodzaj nośnika [ , ]
    • a
    • Hasło opisujące typ nośnika
    • Wolumin
    • b
    • Kod typu nośnika
    • nc
    • 2
    • Źródło (terminu i kodu)
    • rdacarrier
380 -Deskryptor - Forma dzieła (P) [ , ]
    • a
    • forma dzieła (NP)
    • Książki
380 -Deskryptor - Forma dzieła (P) [ , ]
    • a
    • forma dzieła (NP)
    • Publikacje naukowe
380 -Deskryptor - Forma dzieła (P) [ , ]
    • a
    • forma dzieła (NP)
    • Publikacje dydaktyczne
385 -Deskryptor - grupa odbiorców (P) [ , ]
    • m
    • wyrażenie wprowadzające (NP)
    • Poziom nauczania
    • a
    • termin określający odbiorcę (P)
    • Szkoły wyższe
388 -Deskryptor - czas powstania dzieła (P) [1, ]
    • a
    • Czas powstania dzieła (NP)
    • 2001-
490 -Strefa serii i książki wielotomowej - forma nie do wyszukiwania [1, ]
    • a
    • Tytuł (P)
    • Praca Naukowa Find
830 -Hasło dodatkowe serii i opisu książki wielotomowej - tytuł ujednolicony/tytuł [ ,0]
    • a
    • Tytuł ujednolicony/tytuł (NP)
    • Prace Naukowe - Uniwersytet Ekonomiczny w Katowicach
    • 9
    • KHW
    • 24431
504 -Uwaga dot. bibliogr. załącznikowej [ , ]
    • a
    • Uwaga dot. bibliografii załącznikowej
    • Bibliografia, netografia na stronach 191-208.
610 -Hasło przedmiotowe w formie nazwy ciała zbiorowego [2,7]
    • a
    • Nazwa ciała zbiorowego lub nazwa geograficzna
    • Mercosur
    • 2
    • Źródło terminu
    • DBN
650 -Hasło przedmiotowe [ ,7]
    • a
    • Hasło przedmiotowe
    • Innowacje
    • x
    • Określnik rzeczowy
    • aspekt ekonomiczny
    • z
    • Określnik geograficzny
    • Ameryka Łacińska.
    • 2
    • Źródło terminu
    • kaba
    • 9
    • KHW
    • 544121
650 -Hasło przedmiotowe [ ,7]
    • a
    • Hasło przedmiotowe
    • Polityka energetyczna
    • z
    • Określnik geograficzny
    • Ameryka Łacińska.
    • 2
    • Źródło terminu
    • kaba
    • 9
    • KHW
    • 544120
650 -Hasło przedmiotowe [ ,7]
    • a
    • Hasło przedmiotowe
    • Inwestycje zagraniczne
    • z
    • Określnik geograficzny
    • Ameryka Łacińska.
    • 2
    • Źródło terminu
    • kaba
    • 9
    • KHW
    • 544118
650 -Hasło przedmiotowe [ ,7]
    • a
    • Hasło przedmiotowe
    • Handel elektroniczny
    • z
    • Określnik geograficzny
    • Ameryka Łacińska.
    • 2
    • Źródło terminu
    • kaba
    • 9
    • KHW
    • 544122
650 -Hasło przedmiotowe [ ,7]
    • a
    • Hasło przedmiotowe
    • Nowe technologie informacyjne i komunikacyjne
    • z
    • Określnik geograficzny
    • Ameryka Łacińska.
    • 2
    • Źródło terminu
    • kaba
    • 9
    • KHW
    • 544119
650 -Hasło przedmiotowe [ ,7]
    • a
    • Hasło przedmiotowe
    • Gospodarka światowa
    • 2
    • Źródło terminu
    • DBN
    • 9
    • KHW
    • 722960
650 -Hasło przedmiotowe [ ,7]
    • a
    • Hasło przedmiotowe
    • Handel zagraniczny
    • 2
    • Źródło terminu
    • DBN
    • 9
    • KHW
    • 733892
650 -Hasło przedmiotowe [ ,7]
    • a
    • Hasło przedmiotowe
    • Innowacje
    • 2
    • Źródło terminu
    • DBN
    • 9
    • KHW
    • 722379
650 -Hasło przedmiotowe [ ,7]
    • a
    • Hasło przedmiotowe
    • Inwestycje zagraniczne
    • 2
    • Źródło terminu
    • DBN
    • 9
    • KHW
    • 734211
650 -Hasło przedmiotowe [ ,7]
    • a
    • Hasło przedmiotowe
    • Polityka energetyczna
    • 2
    • Źródło terminu
    • DBN
    • 9
    • KHW
    • 725327
650 -Hasło przedmiotowe [ ,7]
    • a
    • Hasło przedmiotowe
    • Rozwój gospodarczy
    • 2
    • Źródło terminu
    • DBN
    • 9
    • KHW
    • 725757
650 -Hasło przedmiotowe [ ,7]
    • a
    • Hasło przedmiotowe
    • Rozwój społeczny
    • 2
    • Źródło terminu
    • DBN
    • 9
    • KHW
    • 729601
651 -Hasło przedmiotowe w formie nazwy geograficznej [ ,7]
    • a
    • Nazwa geograficzna
    • Ameryka Łacińska
    • x
    • Określnik rzeczowy
    • sytuacja gospodarcza
    • y
    • Określnik chronologiczny
    • 1982-.
    • 2
    • Źródło terminu
    • kaba
    • 9
    • KHW
    • 101125
651 -Hasło przedmiotowe w formie nazwy geograficznej [ ,7]
    • a
    • Nazwa geograficzna
    • Ameryka Łacińska
    • x
    • Określnik rzeczowy
    • polityka gospodarcza
    • y
    • Określnik chronologiczny
    • 1980-.
    • 2
    • Źródło terminu
    • kaba
    • 9
    • KHW
    • 145991
651 -Hasło przedmiotowe w formie nazwy geograficznej [ ,7]
    • a
    • Nazwa geograficzna
    • Ameryka Łacińska
    • x
    • Określnik rzeczowy
    • handel zagraniczny.
    • 2
    • Źródło terminu
    • kaba
    • 9
    • KHW
    • 378288
651 -Hasło przedmiotowe w formie nazwy geograficznej [ ,7]
    • a
    • Nazwa geograficzna
    • Ameryka Łacińska
    • 2
    • Źródło terminu
    • DBN
    • 9
    • KHW
    • 722177
651 -Hasło przedmiotowe w formie nazwy geograficznej [ ,7]
    • a
    • Nazwa geograficzna
    • Kraje rozwijające się
    • 2
    • Źródło terminu
    • DBN
    • 9
    • KHW
    • 722368
655 -Hasło w funkcji tematu formalnego [ ,7]
    • a
    • Hasło
    • Materiały pomocnicze
    • 2
    • Źródło terminu
    • DBN
    • 9
    • KHW
    • 722015
655 -Hasło w funkcji tematu formalnego [ ,7]
    • a
    • Hasło
    • Monografia
    • 2
    • Źródło terminu
    • DBN
    • 9
    • KHW
    • 721273
655 -Hasło w funkcji tematu formalnego [ ,7]
    • a
    • Hasło
    • Praca zbiorowa
    • 2
    • Źródło terminu
    • DBN
    • 9
    • KHW
    • 721444
658 -Ujęcie treści [ , ]
    • a
    • dziedzina nauki i sztuki/ sfera aktywności życiowej
    • Gospodarka, ekonomia, finanse
700 -Hasło dodatkowe - nazwa osobowa [1, ]
    • a
    • Nazwa osobowa (NP)
    • Sporek, Tadeusz Find
    • d
    • Daty biograficzne (NP)
    • (1952- ).
    • e
    • Określenie rodzaju współpracy
    • Redakcja
    • 9
    • KHW
    • 17630
700 -Hasło dodatkowe - nazwa osobowa [1, ]
    • a
    • Nazwa osobowa (NP)
    • Dziembała, Małgorzata. Find
    • e
    • Określenie rodzaju współpracy
    • Redakcja
    • 9
    • KHW
    • 409996
700 -Hasło dodatkowe - nazwa osobowa [1, ]
    • a
    • Nazwa osobowa (NP)
    • Kos-Łabędowicz, Joanna. Find
    • e
    • Określenie rodzaju współpracy
    • Redakcja
    • 9
    • KHW
    • 85323
710 -Hasło dodatkowe - nazwa ciała zbiorowego [2, ]
    • a
    • Nazwa ciała zbiorowego lub nazwa geograficzna jako pierwszy element (NP)
    • Uniwersytet Ekonomiczny (Katowice).
    • b
    • Nazwa jednostki podrzędnej (P)
    • Wydawnictwo.
    • e
    • Rodzaj współpracy
    • Wydawca
    • 4
    • Kod relacji
    • pbl
    • 9
    • KHW
    • 52856
920 -ISBN [ , ]
    • a
    • ISBN
    • 978-83-7875-577-7 Find
920 -ISBN [ , ]
    • a
    • ISBN
    • 978-83-7875-578-4 Find
    • q
    • Dopowiedzenie
    • e-ISBN
Lokalizacja Data inwentaryzacji Status udost. Numer inwentarzowy
BE2020-06-29-2E.79541